MARC

LEADER 00000nam0a2200000 4500
001 196753
005 20231031183243.0
010 |a 528600704Х 
035 |a (RuTPU)RU\TPU\book\214632 
090 |a 196753 
100 |a 20110528d1990 k y0rusy50 ca 
101 0 |a rus 
102 |a RU 
105 |a a z 001zy 
200 1 |a Вопросы гидрологии мелиорируемых территорий  |e [сборник научных трудов]  |f СССР, Государственный комитет по гидрометеорологии и контролю природной среды (Госкомгидромет СССР) ; Государственный гидрологический институт (ГГИ) ; под ред. Г. П. Левченко, К. В. Цыценко 
210 |a Ленинград  |c Гидрометеоиздат  |d 1990 
215 |a 97 с.  |c ил. 
225 1 |a Труды Государственного гидрологического института  |v Вып. 341 
320 |a Библиогр. в конце ст. 
610 1 |a гидрология 
610 1 |a мелиорируемые земли 
610 1 |a водные ресурсы 
610 1 |a рациональное использование 
610 1 |a водопотребление 
610 1 |a математическое моделирование 
675 |a 626.4  |v 3 
702 1 |a Левченко  |b Г. П.  |4 340 
702 1 |a Цыценко  |b К. В.  |4 340 
712 0 1 |a СССР  |b Государственный комитет по гидрометеорологии и контролю природной среды (Госкомгидромет СССР)  |c (Москва)  |c (1978-1991)  |2 stltpush  |3 (RuTPU)RU\TPU\col\11538 
712 0 2 |a Государственный гидрологический институт (ГГИ)  |c (Санкт-Петербург)  |2 stltpush  |3 (RuTPU)RU\TPU\col\7764 
801 1 |a RU  |b 63413507  |c 20110528 
801 2 |a RU  |b 63413507  |c 20110609  |g RCR 
942 |c BK